Direcciones contemporáneas del pensamiento jurídico : la filosofía del derecho en el s. XX / Luis Recasens Siches la filosofía del derecho en el s. XX / Luis Recasens Siches
Descripción Física:
238 p., [6] làm. ; 19 cm
Colección:
Colección Labor : Biblioteca de iniciación jurídica : Sección VIII : Ciencias jurídicas ; 198
Materias:
Dret -- Filosofia -- S. XX
MARC
| LEADER | 00000nam a2200000Ia 4500 | ||
|---|---|---|---|
| 001 | 1015 | ||
| 008 | 160829s1929 xx 000 0 cat d | ||
| 080 | |a D-1-139 | ||
| 100 | 1 | |a Recasens Siches, Luis, |d 1903-1977 |9 25387 | |
| 245 | |a Direcciones contemporáneas del pensamiento jurídico : |b la filosofía del derecho en el s. XX / Luis Recasens Siches | ||
| 260 | |a Barcelona : |b Labor, |c 1929 | ||
| 300 | |a 238 p., [6] làm. ; |c 19 cm | ||
| 490 | |a Colección Labor : Biblioteca de iniciación jurídica : Sección VIII : Ciencias jurídicas ; 198 | ||
| 650 | |a Dret |x Filosofia |x S. XX |9 25388 | ||
| 901 | |a Arxiu | ||
| 942 | |n 1 | ||
| 952 | |0 0 |1 0 |4 0 |6 D1139 |7 1 |9 43594 |a Arxiu |b Arxiu |d 2016-12-01 |l 0 |o D-1-139 |p 1015 |r 2016-12-01 00:00:00 |w 2016-12-01 |y ARXIU | ||
| 999 | |c 46142 |d 46142 | ||